Historia del ramal San Fernando - Pichilemu: un ferrocarril que atraviesa el campo para llegar a la playa. 143 años de historia
Na minha lista:
| Main Authors: | , |
|---|---|
| Formato: | Livro |
| Idioma: | espanhol |
| Publicado em: |
Rancagua
Imprenta Gráfica Zero
2013
|
| Edição: | 2a. ed |
| Assuntos: | |
| Tags: |
Adicionar Tag
Sem tags, seja o primeiro a adicionar uma tag!
|
MARC
| LEADER | 00000cam a2200000 a 4500 | ||
|---|---|---|---|
| 001 | UCE0584 | ||
| 003 | CL-VaPUC | ||
| 008 | 140124e20130700cl |||||||||||||||||spa|d | ||
| 082 | 0 | 4 | |a 385.098323 |b COR |2 21 |
| 100 | 0 | |a Cornejo A., Juan F |e author |9 572952 | |
| 700 | 0 | |a Cornejo T., Juan G |e author |9 572953 | |
| 245 | 1 | 0 | |a Historia del ramal San Fernando - Pichilemu: un ferrocarril que atraviesa el campo para llegar a la playa. 143 años de historia |
| 250 | |a 2a. ed | ||
| 300 | |a 375 p | ||
| 942 | |c BK | ||
| 945 | |d 20140124 15:34:00 |a dcastane | ||
| 260 | |a Rancagua |b Imprenta Gráfica Zero |c 2013 | ||
| 650 | 0 | |a Ferrocarriles |9 260933 | |
| 650 | 7 | |a HISTORIA DEL FERROCARRIL |2 CL-VaPUC |9 517642 | |
| 650 | 0 | |a Ciudades |9 265474 | |
| 650 | 0 | |a Historia de ciudades |9 445863 | |
| 651 | 7 | |a SAN FERNANDO |2 CL-VaPUC |9 358359 | |
| 651 | 0 | |a Pichilemu, Chile |9 367731 | |
| 583 | |a last modification |c 20140124 15:34:00 |k Rodrigo Vera | ||
| 999 | |c 354658 |d 354656 | ||
| 952 | |0 0 |1 0 |3 erb |4 0 |6 385_098323000000000_COR_2013 |7 0 |8 A |9 460648 |a BIBHIS |b BIBHIS |i 5053242 |o 385.098323 COR 2013 |p 5053242 |r 2025-01-20 |w 2019-11-23 |y BK |z Catalogado en:20140124 |k HIS | ||